书目信息 |
| 题名: |
孙犁的小说艺术
|
|
| 作者: | 金梅 著 | |
| 分册: | ||
| 出版信息: | 北京 北京出版社 1987.4 |
|
| 页数: | 244页 | |
| 开本: | 20cm | |
| 丛书名: | ||
| 单 册: | ||
| 中图分类: | I207.4 | |
| 科图分类: | ||
| 主题词: | 小说--文学研究--中国 , 传奇小说 | |
| 电子资源: | ||
| ISBN: | ||
| 000 | 00542nam0 2200205 45 | |
| 001 | 0312221749 | |
| 005 | 20050330145821.9 | |
| 010 | @dCNY1.20 | |
| 100 | @a20031222d1987 km y0chiy0120 ea | |
| 101 | @achi | |
| 105 | @a z 000yy | |
| 200 | 1 | @a孙犁的小说艺术@ASun Li De Xiao Shuo Yi Shu@f金梅著@FJin Mei Zhu |
| 210 | @a北京@c北京出版社@d1987.4 | |
| 215 | @a244页@d20cm | |
| 606 | 0 | @a小说@x文学研究@y中国 |
| 606 | 0 | @a传奇小说 |
| 690 | @aI207.4@v3 | |
| 701 | 0 | @a金梅@4著 |
| 801 | @aCN@bTSTCL@c20031222 | |
| 905 | @dI207.4@e192@b204677@f1 | |
| 孙犁的小说艺术/金梅著.-北京:北京出版社,1987.4 |
| 244页;20cm |
| ISBN :CNY1.20 |
| ● |
| 相关链接 |
|
|
|
|
正题名:孙犁的小说艺术
索取号:I207.4/192
 
预约/预借
| 序号 | 登录号 | 条形码 | 馆藏地/架位号 | 状态 | 备注 |
| 1 | 0204676 | 001984632 | 第二借阅区/ [索取号:I207.4/192] | 在馆 | |
| 2 | 0204677 | 001984473 | 第二借阅区/ [索取号:I207.4/192] | 在馆 | |
| 3 | 0204678 | 000549650 | 第二借阅区/ [索取号:I207.4/192] | 在馆 | |
| 4 | 0204679 | 000549721 | 第一样本阅览室/ [索取号:I207.4/192] | 在馆 |